| 000 | 00914nam a2200241Ii 4500 | ||
|---|---|---|---|
| 003 | JO-AjNU | ||
| 008 | 230605s9999||||xx |||||||||||||| ||und|| | ||
| 017 | _a2007/7923 | ||
| 020 | _a977-337-256-1 | ||
| 040 |
_aJO-AjNU _bara _erda _cJO-AjNU |
||
| 041 | _aara | ||
| 050 | 1 | 4 | _aHF5415 .1265.T379.209 |
| 100 | 3 |
_aاعداد: مركز الخبرات المهنية اللادارة بميك؛المستشار:عبدالرحمن توفيق, _eauthor _932921 |
|
| 245 | 0 | 0 | _aمنهج مهارات التسويق والبيع التسويق الالكتروني |
| 250 | _aط3 | ||
| 264 | 3 | 1 | _aالقاهرة:مركز الخبرات المهنية للادارة؛2009 |
| 300 | _a45ص | ||
| 336 |
_atext _btxt _2rdacontent |
||
| 337 |
_aunmediated _bn _2rdamedia |
||
| 338 |
_avolume _bnc _2rdacarrier |
||
| 490 | 0 | _aالمناهج التدريبية؛50 | |
| 650 | 4 |
_aالتسويق الالكتروني _932922 |
|
| 999 |
_aA13345 _c16913 _d16913 |
||